000 00554cab a2200217 4500
001 X1589
008 090401t1994 xxu||||| |||| 00| 0 eng d
035 _a(Sirsi) u94860
041 _aeng
100 _aGilbert, P.
245 _aFUGRO offers users latest DGPS systems
260 _c1994
350 _a0
490 _aCSM (Chartered Surveyor Monthly)
_v3(10) July/August 1994, 7(1)
650 _aDIFFERENTIAL GPS
650 _aGEO-REF
650 _aGLOBAL POSITIONING SYSTEMS
690 _aLAND SURVEYING
942 _n0
948 _c04/03/1997
999 _c59594
_d59594